[Event "Gatineau op"]
[Site "Gatineau"]
[Date "2016.03.06"]
[Round "4"]
[White "Mahdjoubi, Abdelaziz"]
[Black "Ritchie, Gordon"]
[Result "0-1"]
[WhiteElo "1810"]
[BlackElo "1798"]
[PlyCount "92"]
[EventDate "2016.03.04"]
[EventType "swiss"]
[EventRounds "5"]
[EventCountry "CAN"]
[SourceTitle "EXT 2022"]
[Source "ChessBase"]
[SourceDate "2021.10.06"]
[SourceVersion "1"]
[SourceVersionDate "2021.10.06"]
[SourceQuality "1"]

1. e4 d5 2. e5 c5 3. c3 Nc6 4. Nf3 Bf5 5. d4 e6 6. Bd3 Nge7 7. 0-0 Bxd3 8. Qxd3 Ng6 9. Bg5 Be7 10. Bxe7 Qxe7 11. Qe3 cxd4 12. cxd4 0-0 13. a3 a6 14. Nc3 b5 15. g3 Rfc8 16. b4 Qa7 17. Rac1 Rc7 18. h4 Rac8 19. h5 Nf8 20. h6 Ng6 21. Ne2 Nce7 22. Rc5 Nf5 23. Qc3 Nxh6 24. Rc1 Rxc5 25. bxc5 Nf5 26. Qa5 Nfe7 27. a4 Nc6 28. Qb6 b4 29. a5 Nge7 30. Nd2 Rb8 31. Qxa7 Nxa7 32. g4 Nec6 33. Nb3 Nb5 34. f4 Na3 35. Kf2 Rb5 36. Ra1 Nc4 37. Ke1 Kf8 38. Nec1 Ke7 39. Ke2 Kd7 40. Ra4 N6xa5 41. Nxa5 Rxa5 42. Rxa5 Nxa5 43. Kd3 Kc6 44. Kc2 Kb5 45. f5 Nc6 46. fxe6 Nxd4+ 0-1

[Event "Gatineau op"]
[Site "Gatineau"]
[Date "2016.03.05"]
[Round "3"]
[White "Ritchie, Gordon"]
[Black "Yao, Sammy"]
[Result "0-1"]
[WhiteElo "1798"]
[BlackElo "2028"]
[PlyCount "100"]
[EventDate "2016.03.04"]
[EventType "swiss"]
[EventRounds "5"]
[EventCountry "CAN"]
[SourceTitle "EXT 2022"]
[Source "ChessBase"]
[SourceDate "2021.10.06"]
[SourceVersion "1"]
[SourceVersionDate "2021.10.06"]
[SourceQuality "1"]

1. e4 d6 2. d4 g6 3. Nf3 Bg7 4. Be3 a6 5. Be2 b5 6. a4 b4 7. c3 Bb7 8. Nbd2 Nf6 9. d5 c6 10. c4 Nbd7 11. Rb1 cxd5 12. exd5 0-0 13. 0-0 e6 14. dxe6 fxe6 15. Nd4 Qe7 16. Bf3 Nc5 17. b3 Nfe4 18. Nxe4 Nxe4 19. Qd3 Nc5 20. Qd2 Bxd4 21. Qxd4 Bxf3 22. gxf3 Rxf3 23. Rfd1 Nb7 24. Qe4 Raf8 25. Qc6 a5 26. Rd2 Rh3 27. Rbd1 Rh5 28. Qg2 Rff5 29. Rd4 e5 30. Rg4 Rf7 31. Qd5 Qd7 32. Rg3 Rh3 33. Kg2 Rxg3+ 34. hxg3 h5 35. Rd3 h4 36. Bb6 hxg3 37. Rxg3 Qf5 38. Rf3 Qxf3+ 39. Qxf3 Rxf3 40. Kxf3 Kf7 41. Ke4 Ke6 42. Ke3 Kd7 43. Ke4 Kc6 44. Be3 Nc5+ 45. Bxc5 Kxc5 46. Ke3 g5 47. f3 d5 48. cxd5 Kxd5 49. Kd3 e4+ 50. fxe4+ Ke5 0-1

[Event "Outaouais op "]
[Site "Gatineau"]
[Date "2014.06.08"]
[Round "4"]
[White "Ritchie, Gordon"]
[Black "Cova, Ramon"]
[Result "0-1"]
[WhiteElo "1861"]
[BlackElo "2136"]
[PlyCount "70"]
[EventDate "2014.06.06"]
[EventType "swiss"]
[EventRounds "5"]
[EventCountry "CAN"]
[SourceTitle "EXT 2015"]
[Source "ChessBase"]
[SourceDate "2014.11.20"]
[SourceVersion "1"]
[SourceVersionDate "2014.11.20"]
[SourceQuality "1"]

1. e4 Nf6 2. e5 Nd5 3. d4 Nb6 4. Nf3 d6 5. exd6 cxd6 6. Nc3 g6 7. Be3 Bg7 8. h3 0-0 9. Qd2 Re8 10. 0-0-0 d5 11. g4 Nc6 12. Bb5 a6 13. Bxc6 bxc6 14. b3 a5 15. a4 Qd6 16. Kb2 Qb4 17. Ka2 Nc4 18. bxc4 Ba6 19. Nb5 Qxc4+ 20. Ka3 cxb5 21. Qxa5 e6 22. Ne5 Qxc2 23. Nd7 bxa4 24. Qb4 Bc4 25. Rd2 Qe4 26. Rc1 Red8 27. Nc5 Qf3 28. g5 Rdb8 29. Qc3 Bf8 30. Rb2 Qxh3 31. Rxb8 Rxb8 32. Kxa4 Qh2 33. Qa5 Qd6 34. Rc3 Qc6+ 35. Ka3 Ra8 0-1

[Event "Canadian op"]
[Site "Edmonton"]
[Date "2009.07.13"]
[Round "3.70"]
[White "Purewal, Pal"]
[Black "Ritchie, Gordon"]
[Result "1/2-1/2"]
[WhiteElo "1631"]
[BlackElo "1870"]
[PlyCount "77"]
[EventDate "2009.07.11"]
[EventType "swiss"]
[EventRounds "9"]
[EventCountry "CAN"]
[SourceTitle "EXT 2022"]
[Source "ChessBase"]
[SourceDate "2021.10.06"]
[SourceVersion "1"]
[SourceVersionDate "2021.10.06"]
[SourceQuality "1"]

1. e4 d5 2. e5 c5 3. Bb5+ Nc6 4. Nf3 Bg4 5. h3 Bh5 6. Bxc6+ bxc6 7. 0-0 e6 8. d3 Ne7 9. Bf4 Bxf3 10. Qxf3 Ng6 11. Bg3 Qb6 12. b3 Be7 13. Nd2 0-0 14. Qe2 Bd8 15. Kh1 Ne7 16. Bh4 Nf5 17. Bxd8 Qxd8 18. c3 a5 19. Nf3 Qb6 20. Rab1 Rfb8 21. Ng5 h6 22. Nf3 Qa6 23. g4 Ne7 24. g5 Nf5 25. gxh6 Nxh6 26. Rg1 Qc8 27. Qe3 Nf5 28. Qg5 Qd8 29. Qh5 f6 30. Qg6 Qe8 31. Qxf6 Kh8 32. Qg5 Ra7 33. Rg4 Qf7 34. Nh4 Nh6 35. Rg2 a4 36. f4 Rab7 37. Rgb2 Kh7 38. Ng2 Nf5 39. Qg4 1/2-1/2